[Event "CAN-ch U16/18 Girls"]
[Site "Victoria"]
[Date "2009.07.24"]
[Round "7"]
[White "Xiong, Sonja"]
[Black "McDonald, Dorissa"]
[Result "1-0"]
[WhiteElo "1843"]
[BlackElo "702"]
[PlyCount "33"]
[EventDate "2009.07.21"]
[EventType "tourn"]
[EventRounds "7"]
[EventCountry "CAN"]
[SourceTitle "EXT 2011"]
[Source "ChessBase"]
[SourceDate "2010.11.26"]
[SourceVersion "1"]
[SourceVersionDate "2010.11.26"]
[SourceQuality "1"]

1. e4 e5 2. Nf3 Nc6 3. Bb5 Nb8 4. Nxe5 c6 5. Bc4 d6 6. Nxf7 Qc7 7. Nxh8 Ne7 8. Qh5+ Kd8 9. Nf7+ Kd7 10. 0-0 g6 11. Qxh7 Qa5 12. Qh3+ Kc7 13. Qg3 Qa4 14. Nxd6 Nf5 15. Nb5+ Kd8 16. Qc7+ Ke8 17. Bf7# 1-0